Consecuencias polt̕ico-jurd̕icas del protestantismo

Detalles Bibliográficos
Autor principal: Ayuso, Miguel
Formato: eBook
Lenguaje:español
Publicado: Madrid: Marcial Pons, 2016
Materias:
Acceso en línea:Acceso restringido

MARC

LEADER 00000nam a22000007a 4500
005 20200312230233.0
007 cr|||| ||||
008 200312s2016 es |||||s|||| 00||0 spa d
020 |a 978-84-9123-802-7 
035 |a 31306 
040 |a vLex 
090 |c 10254  |d 10254 
100 1 |a Ayuso, Miguel 
245 1 0 |a Consecuencias polt̕ico-jurd̕icas del protestantismo  |h [Recurso electrn̤ico] /  |c Miguel Ayuso 
256 |a Servicio en ln̕ea 
260 |a Madrid:  |b Marcial Pons,  |c 2016 
300 |a 1 recurso electrn̤ico 
506 1 |a Disponible solo en los productos indicados  |d vLex Global  |d vLex Global (Academic Edition, excluding Law Schools)  |d vLex Global (U.S. Academic Edition, Law Schools)  |d vLex Global (U.S. Academic Edition, excluding Law Schools)  |d vLex Global (Academic Edition, Law Schools) 
650 0 4 |a Derecho Militar  |z Espaą 
740 0 |a vLex Libros (Servicio en ln̕ea) 
856 4 0 |u http://vlex.com/source/consecuencias-politico-juridicas-protestantismo-31306  |z Acceso restringido 
942 |c BOOK 
999 0 |a Military Law